<?xml version="1.0" encoding="UTF-8"?>
<collection xmlns="http://www.loc.gov/MARC21/slim">
 <record>
  <leader>01293nam a2200265 a 4500</leader>
  <controlfield tag="001">00021602</controlfield>
  <controlfield tag="008">110702s1999    bg       b    000 0 beno </controlfield>
  <datafield tag="020" ind1=" " ind2=" ">
   <subfield code="a">9840739424</subfield>
  </datafield>
  <datafield tag="040" ind1=" " ind2=" ">
   <subfield code="a">BD-DhAAL</subfield>
   <subfield code="c">BD-DhAAL  </subfield>
  </datafield>
  <datafield tag="041" ind1="0" ind2=" ">
   <subfield code="a">benben</subfield>
  </datafield>
  <datafield tag="082" ind1="0" ind2="0">
   <subfield code="a">891/.44/0995492</subfield>
   <subfield code="2">19</subfield>
  </datafield>
  <datafield tag="100" ind1="1" ind2=" ">
   <subfield code="a">নূরউল ইসলাম, মুস্তাফা</subfield>
  </datafield>
  <datafield tag="245" ind1="0" ind2="0">
   <subfield code="a">মুসলিম বাংলা সাহিত্য /</subfield>
   <subfield code="c">মুস্তাফা নূরউল ইসলাম</subfield>
  </datafield>
  <datafield tag="260" ind1=" " ind2=" ">
   <subfield code="a">ঢাকা :</subfield>
   <subfield code="b">বাংলা একাডেমী, </subfield>
   <subfield code="c">১৯৯৯.</subfield>
  </datafield>
  <datafield tag="300" ind1=" " ind2=" ">
   <subfield code="a">এগার, ১৪৬ পৃ. ;</subfield>
   <subfield code="c">২৩ সে.মি.</subfield>
  </datafield>
  <datafield tag="546" ind1=" " ind2=" ">
   <subfield code="a">In Bengali.</subfield>
  </datafield>
  <datafield tag="520" ind1=" " ind2=" ">
   <subfield code="a">Critical essays on Bengali literature by Muslim authors from Bangladesh.</subfield>
  </datafield>
  <datafield tag="504" ind1=" " ind2=" ">
   <subfield code="a">গ্রন্থপঞ্জি অন্তর্ভূক্ত </subfield>
  </datafield>
  <datafield tag="541" ind1=" " ind2=" ">
   <subfield code="e">00021602</subfield>
  </datafield>
  <datafield tag="650" ind1=" " ind2="0">
   <subfield code="a">Bengali literature</subfield>
   <subfield code="z">Bangladesh</subfield>
   <subfield code="x">History and criticism.</subfield>
  </datafield>
  <datafield tag="650" ind1=" " ind2="0">
   <subfield code="a">Bengali literature</subfield>
   <subfield code="z">Muslim authors</subfield>
   <subfield code="x">History and criticism.</subfield>
  </datafield>
  <datafield tag="710" ind1="2" ind2=" ">
   <subfield code="a">বাংলা একাডেমী (ঢাকা) </subfield>
  </datafield>
  <datafield tag="852" ind1=" " ind2=" ">
   <subfield code="a">Ayesha Abed Library </subfield>
   <subfield code="c">General Shelf. </subfield>
  </datafield>
  <datafield tag="999" ind1=" " ind2=" ">
   <subfield code="c">11023</subfield>
   <subfield code="d">11023</subfield>
  </datafield>
  <datafield tag="952" ind1=" " ind2=" ">
   <subfield code="0">0</subfield>
   <subfield code="1">0</subfield>
   <subfield code="2">ddc</subfield>
   <subfield code="4">0</subfield>
   <subfield code="6">891_440995492000000_NUR</subfield>
   <subfield code="7">0</subfield>
   <subfield code="9">17331</subfield>
   <subfield code="a">BRACUL</subfield>
   <subfield code="b">BRACUL</subfield>
   <subfield code="c">GEN</subfield>
   <subfield code="d">2011-07-02</subfield>
   <subfield code="l">3</subfield>
   <subfield code="m">2</subfield>
   <subfield code="o">891.440995492 NUR</subfield>
   <subfield code="p">3010021602</subfield>
   <subfield code="r">2022-10-02</subfield>
   <subfield code="s">2022-09-18</subfield>
   <subfield code="t">1</subfield>
   <subfield code="w">2011-07-02</subfield>
   <subfield code="y">BK</subfield>
  </datafield>
 </record>
</collection>
